000 00691nam a2200289Ia 4500
005 20260324142927.0
008 008 260324s9999 xx 000 0 eng d
020 _a9780203789056
037 _aEBOOK
040 _aCRL
040 _beng
040 _cCRL
041 _2eng
041 _aeng
084 _qCRL
100 _aParminder Bhachu
_91189109
245 0 _aImmigration and Entrepreneurship
245 0 _bCulture, Capital, and Ethnic Networks
260 _bTaylor and Francis
260 _c1993
365 _a
365 _b215
856 _uhttp://www.taylorfrancis.com/books/9780203789056
942 _cEBOOK
999 _c1818534
_d1818534